Ángel Sola : (Record no. 193392)

MARC details
000 -LEADER
campo de control de longitud fija 01429nam a2200373 i 4500
001 - NÚMERO DE CONTROL
campo de control 193392
003 - IDENTIFICADOR DE NÚMERO DE CONTROL
campo de control SpMaBN
005 - FECHA Y HORA DE LA ÚLTIMA TRANSACCIÓN
campo de control 20250904233811.0
007 - CAMPO FIJO DE DESCRIPCIÓN FÍSICA--INFORMACIÓN GENERAL
campo de control de longitud fija ta
008 - DATOS DE LONGITUD FIJA--INFORMACIÓN GENERAL
campo de control de longitud fija 231114s2010 sp a | ||||o000 0 spa
017 ## - NÚMERO DE COPYRIGHT O DE DEPÓSITO LEGAL
Número de copyright o de depósito legal Z 1620-2010
Agencia que asigna Oficina Depósito Legal Zaragoza
035 ## - NÚMERO DE CONTROL DEL SISTEMA
Número de control de sistema (OCoLC)868824008
035 ## - NÚMERO DE CONTROL DEL SISTEMA
Número de control de sistema a4844465
040 ## - FUENTE DE CATALOGACIÓN
Centro catalogador/agencia de origen SpMaBN
Lengua de catalogación spa
Centro/agencia transcriptor SpMaBN
Normas de descripción rdc
Centro/agencia modificador ES-MaACL
080 ## - NÚMERO DE LA CLASIFICACIÓN DECIMAL UNIVERSAL
Número de la Clasificación Decimal Universal 929 Sola, Ángel
080 ## - NÚMERO DE LA CLASIFICACIÓN DECIMAL UNIVERSAL
Número de la Clasificación Decimal Universal 787 Sola, Ángel
100 1# - ENTRADA PRINCIPAL--NOMBRE DE PERSONA
Nombre de persona Cobos Sancho, Fernando
Número de control del registro de autoridad o número normalizado XX5010694
9 (RLIN) 234558
245 10 - MENCIÓN DEL TÍTULO
Título Ángel Sola :
Resto del título el gran bandurrista de la jota, 1859-1910 /
Mención de responsabilidad, etc. Fernando Cobos Sancho.
260 ## - PUBLICACIÓN, DISTRIBUCIÓN, ETC.
Lugar de publicación, distribución, etc. [Zaragoza] :
Nombre del editor, distribuidor, etc. Diputación de Zaragoza,
Fecha de publicación, distribución, etc. imp. 2010
300 ## - DESCRIPCIÓN FÍSICA
Extensión 139 p. :
Otras características físicas il. col. y n., mús. ;
Dimensiones 24 cm
336 ## - TIPO DE CONTENIDO
Fuente rdacontent
Término de tipo de contenido Texto
337 ## - TIPO DE MEDIO
Fuente rdamedia
Nombre/término del tipo de medio sin mediación
338 ## - TIPO DE SOPORTE
Fuente rdacarrier
Nombre/término del tipo de soporte volumen
500 ## - NOTA GENERAL
Nota general Catalogación provisional. Signatura: N 8633. Depósito J.
504 ## - NOTA DE BIBLIOGRAFÍA, ETC.
Nota de bibliografía, etc. Bibliografía: p. 127-130
600 #0 - PUNTO DE ACCESO ADICIONAL DE MATERIA--NOMBRE DE PERSONA
Nombre de persona Sola, Ángel,
Fechas asociadas al nombre 1859-1910
9 (RLIN) 234559
852 ## - LOCALIZACIÓN
Ubicación ES-MaACL
itemnumber 200842
Número de control de estantería N-8633
Ubicación en estantería Depósito J
Donativo/Legado Donación: Fernando Cobos Sancho
Anotaciones manuscritas Dedicatoria autógrafa del autor
Nota libre En proceso
903 ## - NOMBRE PERSONAL DE DONANTE
9 234558
a Cobos Sancho, Fernando
e Donante
942 ## - ELEMENTOS DE ENTRADA SECUNDARIOS (KOHA)
Suprimir en OPAC No
Tipo de ítem Koha Libro impreso
Holdings
Estatus retirado Estado de pérdida Fuente del sistema de clasificación o colocación Estado de daño No para préstamo Colección Biblioteca de origen Biblioteca actual Ubicación en estantería Fecha de adquisición Fuente de adquisición Total de préstamos Signatura topográfica completa Código de barras Visto por última vez Precio de reemplazo Tipo de ítem Koha Nota pública
    Clasificación decimal universal     Libros con dedicatorias Biblioteca del Ateneo de Madrid Biblioteca del Ateneo de Madrid Depósito J 14/11/2023 Donación   N-8633 101206137 14/11/2023 14/11/2023 Libro impreso Dedicatoria autógrafa del autor